Quizzes
Events
Quiz Creation
Community
Videos
Private Events
Remove Ads
Sign In
Join for FREE
Feedback
Dark Mode
Quiz Categories
Sports
Geography
Music
Movies
Television
Just For Fun
Miscellaneous
History
Literature
Language
Science
Gaming
Entertainment
Religion
Holiday
For Kids
Quiz Lab
Recent
Popular Today
Quiz Kudos Today
Editor Picks
Curator Picks
Quizzes by...
Day
Popularity
Type
Ratings
Length
Year
Community
Subscriptions
Recent Discussions
Orange Saloon
Badges
Playlists
Quests
Create
Leaderboards
Showdown
Live 5
Trivia Bingo
Activity
Puzzle Library
Sporcle Events
Private Events
Virtual Trivia
Globe League
Become a Host
Pub Owners
SporcleCon
Opinionation
Our Games
Videos
Blog
Mobile Apps
Partnerships
Remove Ads and Go Orange
Feedback
Entertainment
Celebrity
Famous
Musical
Broadway
Show
Quote
Comic Books
Anime
Superhero
DC Comics
Marvel
Cartoons
Animation
Entertainment
Celebrity
Famous
Musical
Broadway
Show
Quote
Comic Books
Anime
Superhero
DC Comics
Marvel
Cartoons
Animation
Random Quiz
Search Sporcle
×
Quiz Lab
Quiz Lab
Entertainment
Type in answers that appear in a list
Type in answers that appear in a list
Classic
Best Score? Go Orange.
Mixed Faces of Celebrities Part II Stats
Can you name the Mixed Faces of Celebrities Part II?
By
ElectricalBrain
8m
36 Questions
3,053 Plays
3,053 Plays
3,053 Plays
Comments
Comments
Give Quiz Kudos
Give Quiz Kudos
-
- Ratings
hide this ad
Replay
Link that replays current quiz
Next Quiz
Link to next quiz in quiz playlist
You Got
0%
They Got
Avg Score
48%
Avg Friend Score
Upgrade to see
Score Distribution
Jump to the score distribution portion of the page
Score
0/36
Timer
08:00
0
Plays Today
#
% Correct
2
Michael Jackson
91%
8
Will Smith
90.4%
1
Beyoncé Knowles
87.8%
2
Adolf Hitler
84%
17
Pamela Anderson
83.7%
16
Barack Obama
82.2%
18
Jackie Chan
79.2%
14
Arnold Schwarzenegger
74%
13
Tom Cruise
71.5%
3
Kirsten Dunst
71%
8
Russell Crowe
69.9%
9
Rihanna
64.1%
7
Audrey Hepburn
63.8%
6
Mel Gibson
63.8%
13
Nicole Kidman
62.7%
15
Winona Ryder
55%
9
Alicia Keys
44.3%
10
Christian Bale
42.9%
#
% Correct
11
Adrien Brody
38.7%
16
Jimi Hendrix
37.3%
4
Viggo Mortensen
36.9%
1
Megan Fox
36.7%
4
Orlando Bloom
36.2%
11
Uma Thurman
36.2%
5
Cindy Crawford
35.7%
12
Robert De Niro
35.3%
5
Jessica Alba
23.9%
6
Antonio Banderas
23%
14
Al Pacino
17.7%
17
Carmen Electra
17.3%
12
Clive Owen
17.2%
18
Nicolas Cage
16.8%
10
Hugh Jackman
16.1%
3
Gwyneth Paltrow
14%
7
Audrey Tautou
13.7%
15
Scarlett Johansson
10.1%
Quiz Playlist
Details
Report
Send in Message
Add To Playlist
Classic:
Type in answers that appear in a list
Quiz Source
Last Updated: Mar 15, 2018
Quiz Scoreboard
CHALLENGE
Sign Up to Join the Scoreboard
Show All
Scores
Hide
Comments
May contain spoilers
Recently Published
Movies - When Are They Set?
by FPL_Elf
Movies
5m
Popular People in 1961
by mucciniale
History
6m
1-10 Letter E Words III
by El_Dandy
Language
2m
More to Explore
Quiz From the Vault
Featured Blog Post
Where Did the Easter Bunny Come From?
hide this ad
You Might Also Like...
Tags
This quiz does not have any tags.
Today's Top Quizzes in Entertainment
Browse Entertainment
hide this ad
Top Contributed Quizzes in Entertainment
1
Kamen Rider Motifs
2
Dragon Ball Z: Goku's Fights in Order
3
Dragon Ball Z: Mega Character Search
4
One Piece Arcs By Order III
5
Survivor Winners Logic Quiz
6
Undead Unluck Minefield
7
Criteria Quickie: Cartoon Taxonomy II
8
Marvel Characters Bunker
9
Who Wants to Be a Millionaire: Anime Edition
10
Demon Slayer 11-1
Explore More
Trending Topics
Kpop
Marvel
NBA
Disney
Harry Potter
Crossword
Anime
Country
Soccer
WWE
Pokémon
NFL
Song
Puzzle
The Office
hide this ad
More By:
ElectricalBrain
Quiz
Plays
Rating
Category
Featured
Created
Movie Characters by Lego
405,431
3.83
Movies
Jun 23, 2010
Soccer Team Crests
261,979
4.38
Sports
Apr 24, 2010
Famous Miis
171,632
4.33
Gaming
Nov 14, 2010
Famous Characters by Mr. Potato Head
140,082
4.56
Entertainment
May 31, 2010
Countries by Historical Travel Posters
129,423
4.64
History
Jun 28, 2011
Go to Creator's Profile
Score Distribution
Quiz Creator Spotlight
ElectricalBrain
Follow
Send a Message
Quizzes Created
-
Created Quiz Play Count
-
More By This Creator
Popular Quizzes Today
1
Find the US States - No Outlines Minefield
2
Find the Countries of Europe - No Outlines Minefield
3
The Countries of the World
4
Popular People in 1961
5
1-10 Letter E Words III
6
US States
7
Find the US States
8
One Thing in Common: World Cities II
More Entertainment Quizzes
Can You Guess the Stage Names? (clickable)
Quiz Lab
Trending Quizzes
Risky Map Clicking: Least Populous States A-Z
1-10 Letter F Words
1-10 Letter G Words
One Thing in Common: United Kingdom
Risky Map Clicking: Next State Alphabetically
Recently Updated
Leaping Animals
pecheneg
Reality TV Shows (A-Z)
bhenderson79
Rickey Henderson's Hall of Fame Teammates
pecheneg
Champions League XIs: Arsenal
pecheneg
Quick Pick: Celebrities in WWE's Hall of Fame
aduchscher
A-Z Keypad Blitz II
pecheneg
Multiple Oscar Actors
pecheneg
Mystery Phrase Blitz: Oscar 'Best Actors'
pecheneg
F. Scott Fitzgerald Novels
LTH
Pick 3 Villains
ddd62291
Trending Topics
Crossword
Kpop
Anime
NBA
Marvel
Disney
Harry Potter
Puzzle
Soccer
Country
The Office
Pokémon
NFL
Song
WWE
Your Account Isn't Verified!
In order to create a playlist on Sporcle, you need to verify the email address you used during registration. Go to your
Sporcle Settings
to finish the process.
Report this User
Report this user for behavior that violates our
Community Guidelines
.
Details:
Send Report
Go to the Sporcle.com Mobile Site →
Comments